German Words - Statistics

General Stats
  • This quiz has been taken 41 times
  • The average score is 58 of 203
Answer Stats
Hint Answer % Correct
Water das Wasser
62%
Eight acht
57%
Brown braun
57%
Six sechs
57%
Three drei
52%
Thirteen dreizehn
52%
Eleven elf
52%
Five fünf
52%
To Buy kaufen
52%
Red rot
52%
Fourteen vierzehn
52%
Twelve zwölf
52%
House das Haus
48%
August der August
48%
Boyfriend / Friend der Freund
48%
Father der Vater
48%
Hungry hungrig
48%
To Thank danken
43%
Eye das Auge
43%
Bycicle das Fahrrad
43%
Fire das Feuer
43%
Salt das Salz
43%
April der April
43%
January der Januar
43%
June der Juni
43%
Month der Monat
43%
Day der Tag
43%
Map die Karte
43%
Kitchen die Küche
43%
Milk die Milch
43%
Mother die Mutter
43%
Sausage die Wurst
43%
Fifteen fünfzehn
43%
Yesterday gestern
43%
Grey grau
43%
Ugly hässlich
43%
To Cook kochen
43%
Tomorrow morgen
43%
Nineteen neunzehn
43%
Black schwarz
43%
Ten zehn
43%
Eighteen achtzehn
38%
Beer das Bier
38%
Restaurant das Restaurant
38%
Friday der Freitag
38%
Ghost der Geist
38%
May (month) der Mai
38%
Tooth der Zahn
38%
Earth die Erde
38%
Nose die Nase
38%
One eins
38%
Green grün
38%
Today heute
38%
Cold kalt
38%
To Study / To Learn lernen
38%
Salty salzig
38%
To Write schreiben
38%
Expensive teuer
38%
Twenty-Two zweiundzwanzig
38%
Food das Essen
33%
Airplane das Flugzeug
33%
Money das Geld
33%
Shirt / Blouse das Hemd
33%
Internet das Internet
33%
Motorcycle das Motorrad
33%
Fruit das Obst
33%
Room das Zimmer
33%
Fish der Fisch
33%
Coffee der Kaffee
33%
March (month) der März
33%
Morning der Morgen
33%
November der November
33%
Sugar der Zucker
33%
Pharmacy die Apotheke
33%
Glasses die Brille
33%
Girlfriend / Friend (f.) die Freundin
33%
Pants die Hose
33%
To Do machen
33%
Zero null
33%
Pink rosa
33%
Sixteen sechzehn
33%
Seventeen siebzehn
33%
Sunny sonnig
33%
To Speak / To Talk sprechen
33%
Forty-Four vierundvierzig
33%
White weiß
33%
To Need brauchen
29%
Meat das Fleisch
29%
Hospital das Krankenhaus
29%
Ear das Ohr
29%
Lightning der Blitz
29%
Bus der Bus
29%
Computer der Computer
29%
Airport der Flughafen
29%
Foot der Fuß
29%
Birthday der Geburtstag
29%
Dog der Hund
29%
October der Oktober
29%
September der September
29%
Chair der Stuhl
29%
Work die Arbeit
29%
Information die Information
29%
Hour die Stunde
29%
Twenty-One einundzwanzig
29%
To Eat essen
29%
To Freeze frieren
29%
Yellow gelb
29%
Nine neun
29%
Beautiful schön
29%
To Drink trinken
29%
Over (upwards) über
29%
To Want wollen
29%
Blue blau
24%
Bed das Bett
24%
Bread das Brot
24%
Ice das Eis
24%
Vegetable das Gemüse
24%
Child das Kind
24%
Bedroom das Schlafzimmer
24%
December der Dezember
24%
February der Februar
24%
July der Juli
24%
Teacher der Lehrer
24%
Man der Mann
24%
Monday der Montag
24%
Afternoon der Nachmittag
24%
Tea der Tee
24%
Table der Tisch
24%
Wine der Wein
24%
Woman die Frau
24%
Hand die Hand
24%
Cat die Katze
24%
Night die Nacht
24%
Sunglasses die Sonnenbrille
24%
Time die Zeit
24%
Tongue die Zunge
24%
Thirty-Three dreiunddreißig
24%
Hot heiß
24%
To Say sagen
24%
Seven sieben
24%
Four vier
24%
Two zwei
24%
Bathe baden
19%
Bathroom das Badezimmer
19%
Book das Buch
19%
Face das Gesicht
19%
Hair das Haare (pl.)
19%
Hotel das Hotel
19%
Year das Jahr
19%
Lunch das Mittagessen
19%
Sofa das Sofa
19%
Toilet Paper das Toilettenpapier
19%
Weather das Wetter
19%
Pencil der Bleistift
19%
Television der Fernseher
19%
Flight der Flug
19%
Store der Laden
19%
Mouth der Mund
19%
Sunday der Sonntag
19%
Student der Student
19%
Taxi der Taxi
19%
E-Mail die E-Mail
19%
Headphones die Kopfhörer (pl.)
19%
Thirsty durstig
19%
To Shop einkaufen
19%
To Go gehen
19%
Can können
19%
Cheap billig
14%
Dinner das Abendessen
14%
Cellphone das Handy
14%
Dress das Kleid
14%
Weekend das Wochenende
14%
Thursday der Donnerstag
14%
Stomach der Magen
14%
Price der Preis
14%
Pen der Stift
14%
Jeans die Jeans
14%
Credit Card die Kreditkarte
14%
Phone Number die Telefonnummer
14%
Underwear die Unterwäsche
14%
Toothbrush die Zahnbürste
14%
To Travel reisen
14%
Cloudy bewölkt
10%
Luggage das Gepäck
10%
Beverage das Getränk
10%
Wi-Fi das Wifi
10%
Debit Card der Debitkarte
10%
Holiday der Feiertag
10%
Firefighter der Feuerwehrmann
10%
Police Officer der Polizist
10%
Fan (device) der Ventilator
10%
Air Conditioner die Klimaanlage
10%
Text Message die SMS
10%
Rainy regnerisch
10%
To Teach unterrichten
10%
Cash das Bargeld
5%
Dictionary das Wörterbuch
5%
Passport der Reisepass
5%
Vacation die Ferien (pl.)
5%
Clothes die Kleider
5%
Seafood die Meeresfrüchte (pl)
5%
Spicy würzig
5%
To Use gebrauchen
0%
No matching quizzes found
Score Distribution
Percent of People with Each Score
Percentile by Number Answered
Your Score History
You have not taken this quiz